000 00424nam a2200133Ia 4500
008 100328s9999 xx 000 0 und d
082 _b74710
100 _aखांडेकर वि.स.
245 _aजळलेला मोहर.
260 _bमेहता पब्लिशिंग हाऊस.
630 _aजळलेला मोहर.
730 _aजळलेला मोहर.
942 _cBOOK
999 _c560431
_d560428